• 首页
  • 本馆介绍
  • 公告通知
  • 最新文献
  • 馆藏检索
  • 电子资源
  • 读者导购
  • 参考咨询
  • 我的图书馆
  • 登录
  • 详细信息显示
  • 放入我的书架
  • 预约/预借图书
  • 作者相关作品
  • 分类相关作品
  • 丛书相关作品
  • 出版社相关作品

书目信息

  • 表格格式
  • 工作单格式
  • 卡片格式
题名:
区域经济学
    
 
作者: 孙久文 主编
分册:  
出版信息: 北京   首都经济贸易大学出版社  2006.10
页数: 348页
开本: 24cm
丛书名: 高等院校经济与管理核心课经典系列教材
单 册:
中图分类: F061.5
科图分类:
主题词: 区域经济学--高等学校--教材
电子资源:
ISBN: 978-7-5638-1378-0
000 01161cam 2200277 450
001 523
005 20140908150911.12
010    @a978-7-5638-1378-0@dCNY39.00
100    @a20140523d2006 em y0chiy0110 ea
101 0  @achi
102    @aCN@b110000
105    @aak a 000yy
106    @ar
200 1  @a区域经济学@AQu Yu Jing Ji Xue@f孙久文主编@FSun Jiu Wen Zhu Bian
210    @a北京@c首都经济贸易大学出版社@d2006.10
215    @a348页@c图@d24cm
225 2  @a高等院校经济与管理核心课经典系列教材@i经济学专业
314    @a孙久文 (1956-),中国人民大学区域经济与城市管理研究所教授、博士生导师,兼任北京市人民政府顾问,全国经济地理学会副理事长兼秘书长。出版专著和教材10余部,发表学术论文50余篇。
320    @a有书目 (第342-346页)
330    @a本书共分15部分,内容包括:导论、区位与发展条件、区域经济发展、区域发展模式与结构、区域产业布局、城市与区域发展、总部经济、区域竞争力、区域创新、要素流动与区域贸易等。
461  0 @12001 @a高等院校经济与管理核心课经典系列教材@i经济学专业
606 0  @a区域经济学@x高等学校@j教材
690    @aF061.5@v5
701  0 @a孙久文@ASun Jiu Wen@4主编
801  0 @aCN@bTANGWEI@c20140603
905    @b0840067-69@dF061.5@e118@f3
    
    区域经济学/孙久文主编.-北京:首都经济贸易大学出版社,2006.10
    348页:图;24cm.-(高等院校经济与管理核心课经典系列教材.经济学专业)
    
    
    ISBN 978-7-5638-1378-0:CNY39.00
    本书共分15部分,内容包括:导论、区位与发展条件、区域经济发展、区域发展模式与结构、区域产业布局、城市与区域发展、总部经济、区域竞争力、区域创新、要素流动与区域贸易等。
●
相关链接 在E读中查询图书 在五车中查询图书 在当当中查询图书 在豆瓣中查询图书


正题名:区域经济学     索取号:F061.5/118         预约/预借

序号 登录号 条形码 馆藏地/架位号 状态 备注
1 0840067   208400675   第一样本阅览室/ [索取号:F061.5/118] 在馆    
2 0840068   208400684   第一借阅区/ [索取号:F061.5/118] 在馆    
3 0840069   208400693   密集书库-海洋学院/ [索取号:F061.5/118] 在馆    
唐山师范学院图书馆 欢迎您!
大连网信软件有限公司© 版权所有